International encyclopedia of population /

Bibliographic Details
Corporate Author: International Institute for the Study of Human Reproduction. Center for Population and Family Health
Other Authors: Ross, John A., 1934-
Format: Book
Language:English
Published: New York : Free Press, [1982]
Subjects:

MARC

Tag First Indicator Second Indicator Subfields
LEADER 00000cam a2200000 a 4500
001 in00000051030
005 20151007080127.0
008 820216s1982 nyua bde 00100 eng
010 |a  82002326  
020 |a 0029274303 (set) 
020 |a 0029274400 (v. 1) 
020 |a 0029274605 (v. 2) 
020 |z 0029274609 (v. 2) 
035 |a (OCoLC)08387602 
035 |9 AAF4296AM 
039 0 |a 2  |b 3  |c 3  |d 3  |e 3 
040 |a DLC  |c DLC  |d WQM  |d TXA  |d UtOrBLW 
049 |a TXAF  |v l [802328]  |v 2 [802327] 
050 0 0 |a HB849.2  |b  I55 1982 
082 0 |a 304.6/03/21  |2 19 
096 |a HB 849.2 I61 1982 
245 0 0 |a International encyclopedia of population /  |c editor in chief, John A. Ross (Center for Population and Family Health, International Institute for the Study of Human Reproduction, Faculty of Medicine, Columbia University. 
264 1 |a New York :  |b Free Press,  |c [1982] 
264 4 |c ©1982 
300 |a 2 volumes (xxiii, 750 pages) :  |b illustrations ;  |c 29 cm. 
336 |a text  |b txt  |2 rdacontent 
337 |a unmediated  |b n  |2 rdamedia 
338 |a volume  |b nc  |2 rdacarrier 
504 |a Includes bibliographies and index. 
650 0 |a Population  |x Dictionaries. 
650 2 |a Population  |x encyclopedias. 
700 1 |a Ross, John A.,  |d 1934- 
710 2 |a International Institute for the Study of Human Reproduction.  |b Center for Population and Family Health. 
999 |a MARS 
999 f f |s 54e81d84-f340-393a-b829-77e4f3d18e9f  |i e9fef917-e25b-32c1-a409-3fda24369530  |t 0 
952 f f |p ric  |a Texas A&M University  |b Rellis Campus  |c Joint Library Facility  |d Remote Storage  |t 0  |e HB849.2 I55 1982  |h Library of Congress classification  |i unmediated -- volume  |k v.1  |m A14805923200 
952 f f |p ric  |a Texas A&M University  |b Rellis Campus  |c Joint Library Facility  |d Remote Storage  |t 0  |e HB849.2 I55 1982  |h Library of Congress classification  |i unmediated -- volume  |k v.2  |m A14805923218 
998 f f |a HB849.2 I55 1982  |s v.1-v.2  |t 0  |l Remote Storage